| 000 | 00741nam a22002177a 4500 | ||
|---|---|---|---|
| 999 |
_c11104 _d11104 |
||
| 003 | AR-CdUCM | ||
| 008 | 190402b ||||| |||| 00| 0 spa d | ||
| 040 |
_aMUNICIPALIDAD PROVINCIAL DEL CUSCO _cBIBLIOTECA MUNICIPAL DEL CUSCO |
||
| 082 |
_a624.17 / _bT56 / 1957 |
||
| 100 |
_aTimoshenko, S. _924021 |
||
| 245 | _aTeoría de las estructuras / | ||
| 260 |
_aBuenos Aires : _bPagani, _c1957 |
||
| 300 |
_a605 paginas ; _c23 cm. |
||
| 505 | _aContenido : Elementos de estética en le plano -- Reticulados planos estéticamente determinados -- Lineas de influencia ... | ||
| 650 |
_aTeoría _95077 |
||
| 650 |
_aEstructuras _919977 |
||
| 650 |
_aFormulas _919258 |
||
| 700 |
_aYoung, D. H. _928273 |
||
| 942 |
_2ddc _cLIBROS |
||
| 945 | _arah | ||